<?xml version="1.0" encoding="UTF-8"?>
<record
    xmlns:xsi="http://www.w3.org/2001/XMLSchema-instance"
    xsi:schemaLocation="http://www.loc.gov/MARC21/slim http://www.loc.gov/standards/marcxml/schema/MARC21slim.xsd"
    xmlns="http://www.loc.gov/MARC21/slim">

  <leader>03205nam a2200349 i 4500</leader>
  <controlfield tag="001">196340</controlfield>
  <controlfield tag="003">ES-GrU</controlfield>
  <controlfield tag="005">20250804062712.0</controlfield>
  <controlfield tag="007">ta</controlfield>
  <controlfield tag="008">240913s2024    sp     g      000pf spa d</controlfield>
  <datafield tag="017" ind1=" " ind2=" ">
    <subfield code="a">B 10353-2024</subfield>
    <subfield code="b">Oficina Dep&#xF3;sito Legal Barcelona</subfield>
  </datafield>
  <datafield tag="020" ind1=" " ind2=" ">
    <subfield code="a">9788401027970</subfield>
  </datafield>
  <datafield tag="040" ind1=" " ind2=" ">
    <subfield code="a">UGR</subfield>
    <subfield code="e">rda</subfield>
    <subfield code="b">spa</subfield>
    <subfield code="c">ES-MaACL</subfield>
  </datafield>
  <datafield tag="080" ind1=" " ind2=" ">
    <subfield code="a">821.134.2-31"20"</subfield>
  </datafield>
  <datafield tag="100" ind1="1" ind2=" ">
    <subfield code="a">Navarro Coll, Julia,</subfield>
    <subfield code="9">238749</subfield>
    <subfield code="e">aut</subfield>
  </datafield>
  <datafield tag="245" ind1="1" ind2="3">
    <subfield code="a">El ni&#xF1;o que perdi&#xF3; la guerra /</subfield>
    <subfield code="c">Julia Navarro</subfield>
  </datafield>
  <datafield tag="250" ind1=" " ind2=" ">
    <subfield code="a">Primera edici&#xF3;n: septiembre de 2024</subfield>
  </datafield>
  <datafield tag="264" ind1=" " ind2="1">
    <subfield code="a">Barcelona :</subfield>
    <subfield code="b">Plaza y Jan&#xE9;s,</subfield>
    <subfield code="c">2024</subfield>
  </datafield>
  <datafield tag="264" ind1=" " ind2="4">
    <subfield code="c"> &#xA9;2024</subfield>
  </datafield>
  <datafield tag="300" ind1=" " ind2=" ">
    <subfield code="a">640 p&#xE1;ginas ;</subfield>
    <subfield code="c">24 cm</subfield>
  </datafield>
  <datafield tag="336" ind1=" " ind2=" ">
    <subfield code="a">texto</subfield>
    <subfield code="b">txt</subfield>
    <subfield code="2">rdacontent</subfield>
  </datafield>
  <datafield tag="337" ind1=" " ind2=" ">
    <subfield code="a">sin mediaci&#xF3;n</subfield>
    <subfield code="b">n</subfield>
    <subfield code="2">rdamedia</subfield>
  </datafield>
  <datafield tag="338" ind1=" " ind2=" ">
    <subfield code="a">volumen</subfield>
    <subfield code="b">nc</subfield>
    <subfield code="2">rdacarrier</subfield>
  </datafield>
  <datafield tag="520" ind1="3" ind2=" ">
    <subfield code="a">Sinopsis: Un ni&#xF1;o. Dos pa&#xED;ses. Dos ideolog&#xED;as.Una emocionante y ambiciosa novela sobre la identidad y el poder arrollador de la cultura que nos muestra que, incluso en los rincones m&#xE1;s oscuros de la Historia, la vida se abre paso.Madrid, invierno de 1938Clotilde, una artista gr&#xE1;fica que dibuja caricaturas para los diarios republicanos, asiste en Madrid a los &#xFA;ltimos meses de la Guerra Civil. La ca&#xED;da de la Rep&#xFA;blica es inminente, por lo que su marido, militante comunista que trabaja para los rusos, decide enviar a Mosc&#xFA; a su hijo Pablo, de tan solo cinco a&#xF1;os, en contra de su voluntad. Clotilde se resiste con todas sus fuerzas, pero no logra evitar que el comandante Bor&#xED;s Petrov emprenda ese arriesgado viaje por una Espa&#xF1;a en llamas para cumplir con el deseo de su camarada de llevar a Pablo a la Uni&#xF3;n Sovi&#xE9;tica, donde Stalin est&#xE1; levantando un nuevo pa&#xED;s sobre las ruinas del antiguo r&#xE9;gimen.Mosc&#xFA;, primavera de 1939All&#xED; es recibido por su nueva familia que, conmovida por su tr&#xE1;gico exilio, acoge con afecto a un ni&#xF1;o exhausto y enfermo. Anya no duda en cuidar de Pablo como si fuese su propio hijo, sin hacer distinciones con Igor, su hermano de adopci&#xF3;n. Hija y esposa de dos orgullosos h&#xE9;roes de la Revoluci&#xF3;n -su padre luch&#xF3; junto a Lenin, su marido a las &#xF3;rdenes de Stalin-, Anya ama la poes&#xED;a y la m&#xFA;sica, aficiones sospechosas y burguesas a los ojos del poder. Mientras sus ilusiones naufragan en el ambiente cada vez m&#xE1;s opresivo del terror estalinista, su esp&#xED;ritu se rebela contra la injusticia, la miseria, la ausencia de libertad y el Gulag.Pablo crece entre el recuerdo cada vez m&#xE1;s tenue de su madre, que no ceja en su empe&#xF1;o por recuperarlo, y el cari&#xF1;o de Anya, quien le transmite su amor por la m&#xFA;sica, la literatura y sus deseos de libertad. Dos mujeres unidas por el destino de un ni&#xF1;o y enfrentadas al mismo espejo: el de las ideolog&#xED;as totalitarias a las que sucumbi&#xF3; el siglo xx.Se puede perder una guerra, pero se puede ganar la libertad</subfield>
    <subfield code="2">(Fuente:casadellibro.com)</subfield>
  </datafield>
  <datafield tag="655" ind1=" " ind2="0">
    <subfield code="a">Novelas</subfield>
    <subfield code="9">234319</subfield>
  </datafield>
  <datafield tag="852" ind1=" " ind2=" ">
    <subfield code="a">ES-MaACL</subfield>
    <subfield code="c">DEPOJ</subfield>
    <subfield code="j">N-10131</subfield>
    <subfield code="x">Encuadernaci&#xF3;n carton&#xE9; con sobrecubierta</subfield>
    <subfield code="h">Donaci&#xF3;n: Editorial</subfield>
    <subfield code="9">206264</subfield>
  </datafield>
  <datafield tag="942" ind1=" " ind2=" ">
    <subfield code="c">MONOGRAFIA</subfield>
    <subfield code="n">0</subfield>
  </datafield>
  <datafield tag="999" ind1=" " ind2=" ">
    <subfield code="c">196340</subfield>
    <subfield code="d">196340</subfield>
  </datafield>
  <datafield tag="952" ind1=" " ind2=" ">
    <subfield code="0">0</subfield>
    <subfield code="1">0</subfield>
    <subfield code="2">udc</subfield>
    <subfield code="4">0</subfield>
    <subfield code="7">0</subfield>
    <subfield code="a">ATENEOM</subfield>
    <subfield code="b">ATENEOM</subfield>
    <subfield code="c">DEPOJ</subfield>
    <subfield code="d">2025-07-19</subfield>
    <subfield code="e">DONACION</subfield>
    <subfield code="l">0</subfield>
    <subfield code="o">N-10131</subfield>
    <subfield code="p">2025-0649</subfield>
    <subfield code="r">2025-07-19 00:00:00</subfield>
    <subfield code="w">2025-07-19</subfield>
    <subfield code="y">MONOGRAFIA</subfield>
  </datafield>
</record>
